000 00857nas a2200289 4500
001 BR2015004228
003 BR-BrBNA
005 20231205125549.0
007 ta
008 230509b bl.|||p| |||| 00| 00por d
040 _aBR-BrBNA
_bpor
_cBiblioteca Nacional de Agricultura
041 _a(Pt)
072 _aQ02
100 1 _aAssis, M.O.
100 1 _aMamede, M.E. de O.
100 1 _aGuimarães, A.G.
100 1 _aSantos, L.S.
100 1 _aRosa, C.A.
245 1 _aLeveduras isoladas de uvas Vitis vinifera L. cultivadas da região equatorial brasileira
650 _aUVA
650 _aVINHO
650 _aFERMENTO
650 _aBIOQUÍMICA
773 0 _tRevista do Instituto Adolfo Lutz (Brazil)
_xISSN 0073-9855
_g(Oct-Dec 2012), v. 71(4) p. 718-722
_wBR2015004228
909 _a202311
_bLúcia
_c55
_dLúcia Elande
942 _2AGRIS
_n0
_cANA
999 _c244941
_d244941